الشجاعة الحقيقية : قصة للصغار / (رقم التسجيلة. 89031)
[ عرض عادي ]
| 000 -LEADER | |
|---|---|
| fixed length control field | 00751nam a22001937a 4500 |
| 005 - DATE AND TIME OF LATEST TRANSACTION | |
| control field | 20251108172817.0 |
| 008 - FIXED-LENGTH DATA ELEMENTS--GENERAL INFORMATION | |
| fixed length control field | 250721s9999 xx 000 0 ara d |
| 082 14 - DEWEY DECIMAL CLASSIFICATION NUMBER | |
| Classification number | ط/ق/قاس |
| 100 1# - MAIN ENTRY--PERSONAL NAME | |
| Personal name | القاسمي، صفية محمد أبراهيم |
| 245 10 - TITLE STATEMENT | |
| Title | الشجاعة الحقيقية : قصة للصغار / |
| 264 1# - PRODUCTION, PUBLICATION, DISTRIBUTION, MANUFACTURE, AND COPYRIGHT NOTICE | |
| Place of production, publication, distribution, manufacture | دبي : |
| Name of producer, publisher, distributor, manufacturer | الهيئة العليا لجائزة فاطمة بنت هزاع لقصة الطفل العربي، |
| 300 ## - PHYSICAL DESCRIPTION | |
| Extent | 40ص |
| 490 0# - SERIES STATEMENT | |
| Series statement | جائزة فاطمة بنت هزاع بنت زايد آل نهيان |
| Volume/sequential designation | الدورة الثانية لعام 1997 |
| 650 17 - SUBJECT ADDED ENTRY--TOPICAL TERM | |
| Topical term or geographic name as entry element | أدب الأطفال |
| 650 17 - SUBJECT ADDED ENTRY--TOPICAL TERM | |
| Topical term or geographic name as entry element | الأدب العربي |
| 650 17 - SUBJECT ADDED ENTRY--TOPICAL TERM | |
| Topical term or geographic name as entry element | القصص العربية |
| 942 ## - ADDED ENTRY ELEMENTS (KOHA) | |
| Source of classification or shelving scheme | Dewey Decimal Classification |
| Koha item type | كتب |
| حالة السحب | حالة الفقدان | مصدر التصنيف | حالة التلف | غير قابل للإعارة | المكتبة الرئيسية | المكتبة الحالية | موقع الرف | تاريخ التزويد | الرقم المتسلسل | Total Checkouts | رقم الإستدعاء | الباركود | تاريخ آخر ظهور | تاريخ الفاتورة | نوع المادة (كوها) |
|---|---|---|---|---|---|---|---|---|---|---|---|---|---|---|---|
| Dewey Decimal Classification | المكتبة المركزية | المكتبة المركزية | الأطفال | 28/07/2025 | 649157 | ط/ق/قاس | 649157 | 28/07/2025 | 28/07/2025 | كتب | |||||
| Dewey Decimal Classification | مكتبة أبو علندا العامة | مكتبة أبو علندا العامة | الأطفال | 28/07/2025 | 649154 | ط/ق/قاس | 649154 | 28/07/2025 | 28/07/2025 | كتب | |||||
| Dewey Decimal Classification | مكتبة الأميرة ايمان العامة | مكتبة الأميرة ايمان العامة | الأطفال | 28/07/2025 | 649150 | ط/ق/قاس | 649150 | 28/07/2025 | 28/07/2025 | كتب | |||||
| Dewey Decimal Classification | مكتبة الحسن العامة | مكتبة الحسن العامة | الأطفال | 28/07/2025 | 649152 | ط/ق/قاس | 649152 | 28/07/2025 | 28/07/2025 | كتب | |||||
| Dewey Decimal Classification | مكتبة حمزة العامة | مكتبة حمزة العامة | الأطفال | 28/07/2025 | 649153 | ط/ق/قاس | 649153 | 28/07/2025 | 28/07/2025 | كتب | |||||
| Dewey Decimal Classification | مكتبة صويلح العامة | مكتبة صويلح العامة | الأطفال | 28/07/2025 | 649151 | ط/ق/قاس | 649151 | 28/07/2025 | 28/07/2025 | كتب | |||||
| Dewey Decimal Classification | مكتبة وادي السير العامة | مكتبة وادي السير العامة | الأطفال | 28/07/2025 | 649155 | ط/ق/قاس | 649155 | 28/07/2025 | 28/07/2025 | كتب |